000 00389nam a22001217a 4500
999 _c868
_d868
005 20200819115934.0
008 200819b ||||| |||| 00| 0 eng d
020 _a0415010349
040 _cCML
245 _aMaking School-Centred Inset Work a School of Education Pack for Teachers.
_cEasen, P.
260 _aLondon
_bRoutledge
_c1989
942 _2ddc
_cBK
_e1st Edition
_h371
_mEAS